Morelos (Registro nro. 17075)

Detalles MARC
000 -LEADER
campo de control de longitud fija 01643aam a2200433 i 4500
001 - NÚMERO DE CONTROL
campo de control MOR01000017089
005 - FECHA Y HORA DE LA ÚLTIMA TRANSACCIÓN
campo de control 20260331054826.0
007 - CAMPO FIJO DE DESCRIPCIÓN FÍSICA--INFORMACIÓN GENERAL
campo de control de longitud fija ta
008 - DATOS DE LONGITUD FIJA--INFORMACIÓN GENERAL
campo de control de longitud fija 880609s1965 dfmch grbi 001 0dspa d
035 ## - NÚMERO DE CONTROL DEL SISTEMA
Número de control de sistema 883799
040 ## - FUENTE DE CATALOGACIÓN
Centro catalogador/agencia de origen mxcmmo
Lengua de catalogación spa
Normas de descripción rda
Centro/agencia transcriptor mxcmmo
041 0# - CÓDIGO DE IDIOMA
Código de lengua del texto/banda sonora o título independiente spa
043 ## - CÓDIGO DE ÁREA GEOGRÁFICA
Código de área geográfica n-mx---
045 ## - PERIODO DE TIEMPO DEL CONTENIDO
Código de periodo de tiempo v7w1
082 04 - NÚMERO DE LA CLASIFICACIÓN DECIMAL DEWEY
Número de clasificación 923.672
Número de ítem MOR.l
100 1# - ENTRADA PRINCIPAL--NOMBRE DE PERSONA
Nombre de persona Lemoine Villicaña, Ernesto
Fechas asociadas al nombre 1927-1993
Término indicativo de función/relación autor
9 (RLIN) 10494
245 10 - MENCIÓN DEL TÍTULO
Título Morelos
Resto del título : su vida revolucionaria a través de sus escritos y de otros testimonios de la época/
Mención de responsabilidad, etc. Ernesto Lemoine Villicana
264 #1 - PRODUCCIÓN, PUBLICACIÓN, DISTRIBUCIÓN, FABRICACIÓN Y COPYRIGHT
Producción, publicación, distribución, fabricación y copyright México :
Nombre del de productor, editor, distribuidor, fabricante Universidad Nacional Autónoma de México, Coordinación de Humanidades,
Fecha de producción, publicación, distribución, fabricación o copyright 1965.
300 ## - DESCRIPCIÓN FÍSICA
Extensión 715 páginas:
Otras características físicas retratos, facsíms.;
Dimensiones 22 cm
336 ## - TIPO DE CONTENIDO
Término de tipo de contenido texto
Código de tipo de contenido txt
Fuente rdacontent
337 ## - TIPO DE MEDIO
Nombre/término del tipo de medio sin medio
Código del tipo de medio n
Fuente rdamedia
338 ## - TIPO DE SOPORTE
Nombre/término del tipo de soporte volumen
Código del tipo de soporte nc
Fuente rdacarrier
500 ## - NOTA GENERAL
Nota general Fondo Narciso Bassols
504 ## - NOTA DE BIBLIOGRAFÍA, ETC.
Nota de bibliografía, etc. Nota Incluye bibliografías e índice
600 #7 - PUNTO DE ACCESO ADICIONAL DE MATERIA--NOMBRE DE PERSONA
Nombre de persona Morelos y Pavón, José María
Fechas asociadas al nombre 1765-1815
Subdivisión general Fuentes
9 (RLIN) 33750
651 #7 - PUNTO DE ACCESO ADICIONAL DE MATERIA--NOMBRE GEOGRÁFICO
Nombre geográfico México
Subdivisión general Historia
Subdivisión cronológica Guerra de independencia, 1810-1821
Subdivisión general Fuentes
9 (RLIN) 738
710 2# - ENTRADA AGREGADA--NOMBRE DE ENTIDAD CORPORATIVA
Nombre de entidad corporativa o nombre de jurisdicción como elemento de entrada Universidad Nacional Autonóma de México
Unidad subordinada Coordinación de Humanidades
9 (RLIN) 1002
900 ## - ELEMENTOS DE DATOS A LOCAL, LDA (RLIN)
Nombre de persona ALEPH14
Numeración CRON CRON
Títulos y otros términos asociados al nombre 20061103
Lenguaje de la obra MOR01
-- 1042
900 ## - ELEMENTOS DE DATOS A LOCAL, LDA (RLIN)
Nombre de persona BATCH-UPD
Numeración 00
Títulos y otros términos asociados al nombre 20120323
Lenguaje de la obra MOR01
-- 1731
900 ## - ELEMENTOS DE DATOS A LOCAL, LDA (RLIN)
Nombre de persona BATCH-UPD
Numeración 10
Títulos y otros términos asociados al nombre 20120321
Lenguaje de la obra MOR01
-- 1647
900 ## - ELEMENTOS DE DATOS A LOCAL, LDA (RLIN)
Nombre de persona BATCH
Numeración 00
Títulos y otros términos asociados al nombre 20120322
Lenguaje de la obra MOR01
-- 1711
900 ## - ELEMENTOS DE DATOS A LOCAL, LDA (RLIN)
Nombre de persona DYNIX
Numeración 00
Títulos y otros términos asociados al nombre 20030304
Lenguaje de la obra MOR01
-- 1716
900 ## - ELEMENTOS DE DATOS A LOCAL, LDA (RLIN)
Nombre de persona MARC21
Numeración 40
Títulos y otros términos asociados al nombre 20130823
Lenguaje de la obra MOR01
-- 1048
900 ## - ELEMENTOS DE DATOS A LOCAL, LDA (RLIN)
Nombre de persona VOBO
Numeración 40
Títulos y otros términos asociados al nombre 20150713
Lenguaje de la obra MOR01
-- 1214
900 ## - ELEMENTOS DE DATOS A LOCAL, LDA (RLIN)
Nombre de persona VOBO
Numeración 40
Títulos y otros términos asociados al nombre 20230731
Lenguaje de la obra MOR01
-- 1450
904 ## - ELEMENTOS DE DATOS D LOCAL, LDD (RLIN)
a UPDATE
942 ## - ELEMENTOS DE ENTRADA SECUNDARIOS (KOHA)
Código de la institución [OBSOLETO] BK
901 ## - ELEMENTOS DE DATOS A LOCAL LDA (RLIN)
a batch batch
Existencias
Estatus retirado Estado de pérdida Fuente del sistema de clasificación o colocación Estado de daño No para préstamo Colección Biblioteca de origen Biblioteca actual Ubicación en estantería Fecha de adquisición Número de inventario Total de préstamos Signatura topográfica completa Código de barras Visto por última vez Precio de reemplazo Tipo de ítem Koha
    Clasificación Decimal Dewey     Fondo Narciso Bassols Biblioteca Nicolas Poussin Biblioteca Nicolas Poussin Regular 21/06/1994 041925   (GB)/923.672 MOR.l 33006801141781 03/09/2024 03/09/2024 Libro préstamo regular